El pensamiento político de Cicerón y Salustio. Su legado histórico en la cultura occidental

Gespeichert in:
Bibliographische Detailangaben
1. Verfasser: Luque Frías, María (autora)
Format: Buch
Sprache:Spanisch
Veröffentlicht: Granada Comares 2005
Schlagworte:
Tags: Tag hinzufügen
Keine Tags, Fügen Sie den ersten Tag hinzu!

MARC

LEADER 00000nam a2200000 a 4500
001 UCK9947
003 CL-VaPUC
008 060609e20050000SP |||||||||||||||||spa|d
020 |a 8484449572 
082 0 4 |a 875  |b LUQ  |2 21 
100 |a Luque Frías, María  |e autora  |9 499877 
245 1 3 |a El pensamiento político de Cicerón y Salustio. Su legado histórico en la cultura occidental 
300 |a 323 p 
942 |c BK 
945 |d 20060609 00:00:00  |a jtorresc 
260 |a Granada  |b Comares  |c 2005 
600 0 7 |a SALUSTIO, CAYO CRESPO  |2 CL-VaPUC  |9 499878 
600 0 |a Cicerón, Marco Tulio  |e autor  |9 255203 
650 7 |a FILOSOFIA POLITICA  |2 CL-VaPUC  |9 499879 
650 0 |a Escritos políticos  |9 255204 
650 7 |a SOCIEDAD ROMANA  |2 CL-VaPUC  |9 343215 
650 7 |a TEORIA POLITICA  |2 CL-VaPUC  |9 499880 
650 7 |a CULTURA OCCIDENTAL  |2 CL-VaPUC  |9 387716 
651 0 |a Roma   |9 255106 
583 |a last modification  |c 20160913 11:39:11  |k Rodrigo Vera 
999 |c 316945  |d 316943 
952 |0 0  |1 0  |4 0  |6 875_000000000000000_LUQ_2005  |7 0  |8 A  |9 392571  |a BIBHIS  |b BIBHIS  |d 2019-11-22  |i 4242599  |o 875 LUQ 2005  |p 4242599  |r 2025-01-20  |w 2019-11-22  |y BK  |k HIS